| 000 | 00402nam a2200157Ia 4500 | ||
|---|---|---|---|
| 999 |
_c1247 _d1247 |
||
| 020 | _a0-304-31846-9 | ||
| 082 | _a001.422 HER-P | ||
| 100 | _aHerbert, Marti; | ||
| 245 | 0 | _aPlanning a research project | |
| 260 |
_aLondon _bCassell Publications _c1990 |
||
| 300 | _aviii, 133p. | ||
| 504 | _aIncludes subject index | ||
| 650 | _aResearch - Planning | ||
| 650 | _aResearch - Methodology | ||
| 942 | _cBK | ||